000 00529nam a2200157 4500
001 109015
003 ES-MaACL
005 20230906184747.0
007 t|
008 061121s1936 po r ||||1| por d
100 1 _aMoya, Salvador de.
_983962
245 1 0 _aOs paulistas no Triangulo Mineiro
_b: Informaçâo prestada ao chefe do Estado-Maior no inquireto policial da Delegacia Regional de Uberaba /
_cSalvador de Moya.
260 _aSâo Paulo :
_bJoâo Bentivegna,
_c1936.
300 _a2v.
852 _aES-MaACL
_j1820-F-16-17
999 _c109015
_d109015